00488nam a2200169Ia 450000500170000000800410001702000180005808200130007610000190008924500140010826000400012230000120016250000280017494200060020295200950020899900150030320250424045907.0240331s9999 xx 000 0 und d a9788189985608 bVALa294 aAAsiriyar Kulu 0aVallalar  aChennaibMayura Pathippagam. c2008 a72 p ., aValaar patriya puthagam cL 001040708LaWERCLbWERCLcSSCd2024-03-31l0o 294 VALp6819r2024-03-31w2024-03-31yL c5838d5838